000 00632nam a2200217 i 4500
001 140844
003 ES-MaACL
005 20230906200150.0
007 t|
008 070917s1963 sp ||||1| spa d
080 _a82-311.3"19"
100 1 _aYerby, Frank.
_9117621
245 1 3 _aEl halcón de oro
_b: novela /
_cFrank Yerby ; [traducción del inglés por Enrique de Juan].
260 _aBarcelona :
_bPlaneta,
_c[1963]
300 _a376 p. ;
_c23 cm.
490 1 _aGoliat ;
_v28
700 1 _aJuan, Enrique de.
_967090
830 0 _aGoliat ;
_v28
_9181396
852 _aES-MaACL
_jC-23020
_bR.51756
999 _c140844
_d140844